01963nam a2200361Ic 450000100060000000300100000600500170001600700030003300800410003602000180007704000350009504100080013004300120013808200210015010000470017124501090021825000220032726400840034930000180043333600290045133700330048033800280051349000290054150001800057052005430075060000470129365000450134065000570138565000630144265100610150594200180156699900170158460259CO-BoRNBP20251218204702.0ta240923s9999 xx 000 0 und d a9786287666191 aCO-BoRNBPbspaerdacCO-BoRNBP0 aspa as-ck---04a863.42bP27r22310aPérez Silva, Vicente,d1929-eaut95125110aRaíces históricas de La vorágine :bedición del centenario (1924-2024) /cVicente Pérez Silva. aSegunda edición 1aBogotá, Colombia :bMinisterio de las Culturas las Artes y los Saberes,c2024 a233 páginas atextobtxt2rdacontenido asin mediaciónbn2rdamedio avolumenbnc2rdasoporte0 aBiblioteca Voráginev3 aImágen de contracubierta correspondiente a la cubierta de La vorágine publicada por M. Aguilar Editor en 1933 en Madrid, España, diseñada por Ignacio Gómez Jaramillo aEn este libro, Vicente Pérez Silva presenta los hechos y episodios históricos, criminales e inhumanos cometidos por la infausta Casa Arana, en la entraña de la selva amazónica, en contra de los caucheros, colonos y tribus indígenas del Caquetá y del Putumayo, hechos que constituyen el fundamento de la mayor parte de La vorágine. Su obra es un conjunto de fuentes testimoniales y documentales de primera mano, que rinden tributo a una de las obras más importantes de la literatura colombiana. -- Tomado a partes del texto10aRivera, José Eustasio,d1888-192893836417aCritica literariazColombia2rnbp96814517aNovela colombianaxHistoria y crítica2rnbp96814617aLiteratura colombianavColecciones de escritos2rnbp91413 0aColombiaxHistoriaxCondiciones socioeconómicas968147 n02ddccBKLIT c60259d60259